| 000 | 00705nam a2200217 a 4500 | ||
|---|---|---|---|
| 001 | 12886 | ||
| 003 | BD-JhCC | ||
| 005 | 20230531123121.0 | ||
| 008 | 230531s2020 b a|||| |||| 000 0 b d | ||
| 020 | _a9789849437109 | ||
| 035 | _a(BD-JhCC)12886 | ||
| 040 |
_aBD-JhCC _dBD-JhCC |
||
| 041 | _aben | ||
| 082 |
_a001 _bROY 2020 |
||
| 100 | _aরায়, ভবেশ | ||
| 245 |
_aনলেজপিডিয়া / _cভবেশ রায় |
||
| 260 |
_aঢাকা : _bঅনুপম প্রকাশনী, _c২০২০ |
||
| 300 |
_aখন্ড ০১-০৪ _bচিত্রাবলী সংযোজিত, _c২২ সেমি. |
||
| 650 | _aGeneral Knowledge | ||
| 942 |
_2ddc _cBK |
||
| 999 |
_c12886 _d12886 |
||